| 000 | 00688nam a2200205 i 4500 | ||
|---|---|---|---|
| 001 | 59655 | ||
| 003 | ES-MaACL | ||
| 007 | t| | ||
| 008 | 031030s1982 sp ||||1| spa d | ||
| 100 | 1 |
_aEntwistle, William James. _947314 |
|
| 245 | 1 | 4 |
_aLas lenguas de España _b: castellano, catalán, vasco y gallego-portugués / _cWilliam J. Entwistle ; [traducción, Francisco Villar]. |
| 250 | _a[4ª ed.]. | ||
| 260 |
_aMadrid : _bIstmo, _c[1982] |
||
| 300 |
_a443 p. ; _c18 cm. |
||
| 490 | 1 |
_aFundamentos ; _v31 |
|
| 700 | 1 |
_aVillar, Francisco. _9115070 |
|
| 830 | 0 | 0 |
_aFundamentos (Ediciones Istmo) _v31 _9121682 |
| 852 |
_aES-MaACL _jL-7381 _bR.108148 |
||
| 999 |
_c59655 _d59655 |
||